000 00422nam a2200145 i 4500
001 30024
003 ES-MaACL
007 t|
008 030123s1970 sp ||||1| cat d
100 1 _aBarri, Tomás.
_925966
245 1 0 _aMaximes mercantiles, familiars i anecdotiques... /
_cTomás Barri.
260 _aBarcelona :
_b[s.n.,
_c1970] (
_fRafael Salvá)
300 _a75 p. ;
_c17 cm.
852 _aES-MaACL
_jE-5060
_bR.76506
999 _c30024
_d30024